000 00939cam a2200265 a 4500
001 BD-DhSAU 6301
003 BD-DhSAU
005 20150507154203.0
008 880519s1988 ne a b 001 0 eng
020 _a044498903X
040 _aBD-DhSAU
082 0 0 _a632.954
_222
_bMAP
100 1 _aMatolcsy, György,
245 1 0 _aPesticide chemistry /
_cGyörgy Matolcsy, Miklós Nádasy, Viktor Andriska ; [translated by Gabriella Bogyó].
260 _aNew York :
_bElsevier ,
_bElsevier Science Pub. Co. ,
_c1988.
300 _a808 p. :
_bill. ;
_c25 cm.
440 0 _aStudies in environmental science ;
_v32
500 _aBased on: Növényvédelmi kémia / by Sándor Terényi. Budapest : Akadémiai Kiadó, 1967.
504 _aIncludes bibliographies and index.
590 _aIMRAN
650 0 _aPesticides.
700 1 _aNádasy, Miklós.
700 1 _aAndriska, Viktor.
700 1 _aTerényi, Sándor.
_tNövényvédelmi kémia.
942 _2ddc
_cBOOK
999 _c6301
_d6301